Valparaíso y los albores del Jazz en Chile. 1920-1940
Kaydedildi:
| Yazar: | |
|---|---|
| Materyal Türü: | Kitap |
| Dil: | İngilizce |
| Baskı/Yayın Bilgisi: |
Valparaíso, Chile:
Ediciones Universitarias de Valparaíso,
2021
|
| Seri Bilgileri: | Colección Historia
|
| Konular: | |
| Etiketler: |
Etiketle
Etiket eklenmemiş, İlk siz ekleyin!
|
MARC
| LEADER | 00000nam a22000007a 4500 | ||
|---|---|---|---|
| 003 | CL-VaPUC | ||
| 005 | 20220909122914.0 | ||
| 008 | 220615b2021 ||||| |||| 00| 0 eng d | ||
| 999 | |c 436039 |d 436037 | ||
| 020 | |a 978-956-17-0939-3 | ||
| 040 | |c Pontificia Universidad Católica de Valparaíso | ||
| 082 | 0 | 4 | |2 22 |a 781.650983 CAB 2021 |
| 100 | 1 | |a Cabello Kanisius, Pablo |e autor |9 870750 | |
| 245 | 1 | 0 | |a Valparaíso y los albores del Jazz en Chile. 1920-1940 |
| 260 | |a Valparaíso, Chile: |b Ediciones Universitarias de Valparaíso, |c 2021 | ||
| 300 | |a 268 páginas | ||
| 490 | 0 | |a Colección Historia | |
| 500 | |a C.1 Donación. Ediciones Universitarias de Valparaíso. Memo 03/05/2022 | ||
| 583 | |c 20220615 |k Catalogador Asistente | ||
| 650 | 1 | |a Jazz |x Historia de Valparaíso |y 1920-1940 |9 874701 | |
| 942 | |2 ddc |c BK | ||
| 952 | |0 0 |1 0 |2 ddc |4 0 |6 781_650983000000000_CAB_2021 |7 0 |8 A |9 583746 |a BIBEDU |b BIBEDU |c GEN |d 2022-06-15 |e Donación |i 5651900 |l 2 |o 781.650983 CAB 2021 |p 5651900 |r 2024-10-18 |s 2024-10-10 |t 1 |w 2022-06-15 |y BK |k MUS | ||